Songs from the First Line(s) - 1958 - Statistics

General Stats
  • This quiz has been taken 50 times
  • The average score is 10 of 30
Answer Stats
Hint Answer % Correct
Songs Lollipop lollipop / Oh lolli lolli lolli / Lollipop lollipop / Bom bom bom bom / Call my baby lollipop / Tell you why Song Lollipop
90%
Songs I told the witch doctor I was in love with you / I told the witch doctor I was in love with you / And then the witch doctor, he told me what to do Song Witch Doctor
71%
Songs (Tweedly-deedly-dee, tweedly-deedly-dee) / (Tweet, tweet, tweet-tweet) / He rocks in the treetop all the day long / Hoppin' and a-boppin' and a-singin' his song Song Rockin' Robin
69%
Songs Volare, oh oh / Cantare, oh oh oh oh / Let's fly way up to the clouds / Away from the maddening crowds Song Volare
62%
Songs Dream, dream, dream, dream / When I want you in my arms / When I want you and all your charms / Whenever I want you Artist(s) The Everly Brothers
57%
Songs Oh, oh Claudette / I got a brand new baby and I feel so good / She loves me even better than I thought she would Artist(s) The Everly Brothers
57%
Songs Kiss her and your lips will always want Patricia / Stroll her, see Patricia move with all her charms Song Patricia
52%
Songs Dream, dream, dream, dream / When I want you in my arms / When I want you and all your charms / Whenever I want you Song All I Have To Do Is Dream
48%
Songs Oh, oh Claudette / I got a brand new baby and I feel so good / She loves me even better than I thought she would Song Claudette
40%
Songs Volare, oh oh / Cantare, oh oh oh oh / Let's fly way up to the clouds / Away from the maddening crowds Artist(s) Dean Martin / Domenico Modugno
40%
Songs People see us everywhere / They think you really care / But myself, I can't deceive / I know it's only make believe Song It's Only Make Believe
38%
Songs Well, I saw the thing comin' out of the sky / It had a-one long horn and one big eye. (Ooh!) Song The Purple People Eater
38%
Songs Many a tear has to fall / But it's all in the game / All in the wonderful game / That we know as love Song It's All in the Game
36%
Songs Christmas, Christmas time is near / Time for toys and time for cheer / We've been good, but we can't last Artist(s) The Chipmunks
31%
Songs Shooby Doo Wop ba baa (hey hey) / My heart Is cryin', cryin' / Lonely teardrops / My pillows never dry of Song Lonely Teardrops
26%
Songs I don't have plans and schemes / And I don't have hopes and dreams / I-I-I don't have anything Song Since I Don't Have You
24%
Songs Christmas, Christmas time is near / Time for toys and time for cheer / We've been good, but we can't last Song The Chipmunk Song / (Christmas Don't Be Late)
24%
Songs Shooby Doo Wop ba baa (hey hey) / My heart Is cryin', cryin' / Lonely teardrops / My pillows never dry of Artist(s) Jackie Wilson
21%
Songs Well, I saw the thing comin' out of the sky / It had a-one long horn and one big eye. (Ooh!) Artist(s) Sheb Wooley
21%
Songs Lollipop lollipop / Oh lolli lolli lolli / Lollipop lollipop / Bom bom bom bom / Call my baby lollipop / Tell you why Artist(s) The Chordettes / Ronald & Ruby
21%
Songs I told the witch doctor I was in love with you / I told the witch doctor I was in love with you / And then the witch doctor, he told me what to do Artist(s) David Seville
19%
Songs (Tweedly-deedly-dee, tweedly-deedly-dee) / (Tweet, tweet, tweet-tweet) / He rocks in the treetop all the day long / Hoppin' and a-boppin' and a-singin' his song Artist(s) Bobby Day
17%
Songs People see us everywhere / They think you really care / But myself, I can't deceive / I know it's only make believe Artist(s) Conway Twitty
17%
Songs Many a tear has to fall / But it's all in the game / All in the wonderful game / That we know as love Artist(s) Tommy Edwards
17%
Songs Don't believe all those lies / Darlin', just believe your eyes and look / Look, my heart is an open book Song My Heart Is an Open Book
14%
Songs I don't have plans and schemes / And I don't have hopes and dreams / I-I-I don't have anything Artist(s) The Skyliners
14%
Songs Don't believe all those lies / Darlin', just believe your eyes and look / Look, my heart is an open book Artist(s) Carl Dobkins Jr.
12%
Songs Kiss her and your lips will always want Patricia / Stroll her, see Patricia move with all her charms Artist(s) Perez Prado
12%
Songs It takes a whole lotta lovin' / Just to keep my baby happy / It takes a whole lotta kissin' / And a whole lotta holdin' her hand Artist(s) Marvin Rainwater
10%
Songs It takes a whole lotta lovin' / Just to keep my baby happy / It takes a whole lotta kissin' / And a whole lotta holdin' her hand Song Whole Lotta Woman
10%
No matching quizzes found
Score Distribution
Percent of People with Each Score
Percentile by Number Answered
Your Score History
You have not taken this quiz